Oliver twist

Bibliographic Details
Main Author: Dickens, Charles
Format: Book
Published: Barcelona : Fabbri Publishing , 1990
Series:Classic Adventures
Subjects:

MARC

LEADER 00000cam a2200000 7i4500
001 0000007876
002 000008450
005 20080319.0
020 |a 1855873079 
090 0 0 |a JF   |b DIC 
100 1 |a Dickens, Charles 
245 1 0 |a Oliver twist   |c Charles Dickens 
260 |a Barcelona :   |b Fabbri Publishing ,   |c 1990 
300 |a 341p. ;   |c 20cm. 
490 0 |a Classic Adventures 
650 0 0 |a Children's stories 
999 |a 049087   |b BUKU   |c PINJAMAN   |e PERPUSTAKAAN KOMUNITI PETALING JAYA 
999 |a 049089   |b BUKU   |c PINJAMAN   |e PERPUSTAKAAN KOMUNITI PETALING JAYA 
999 |a 053556   |b BUKU   |c PINJAMAN   |e PERPUSTAKAAN KOMUNITI PETALING JAYA